Things around us : (Record no. 291994)
[ view plain ]
| 000 -LEADER | |
|---|---|
| fixed length control field | 00544nam a2200217Ia 4500 |
| 008 - FIXED-LENGTH DATA ELEMENTS--GENERAL INFORMATION | |
| fixed length control field | 160319s9999 xx 000 0 und d |
| 020 ## - INTERNATIONAL STANDARD BOOK NUMBER | |
| International Standard Book Number | 9831870743 |
| 050 ## - LIBRARY OF CONGRESS CALL NUMBER | |
| Classification number | 500 |
| 050 ## - LIBRARY OF CONGRESS CALL NUMBER | |
| Item number | N273t 2003 |
| 100 ## - MAIN ENTRY--PERSONAL NAME | |
| Personal name | Natarajan, Cindy. |
| 245 ## - TITLE STATEMENT | |
| Title | Things around us : |
| 245 ## - TITLE STATEMENT | |
| Remainder of title | the living world / |
| 245 ## - TITLE STATEMENT | |
| Statement of responsibility, etc | Cindy Natarajan. |
| 260 ## - PUBLICATION, DISTRIBUTION, ETC. (IMPRINT) | |
| Place of publication, distribution, etc | Penang : |
| 260 ## - PUBLICATION, DISTRIBUTION, ETC. (IMPRINT) | |
| Name of publisher, distributor, etc | Rhythm Distributor Sdn.Bhd. |
| 260 ## - PUBLICATION, DISTRIBUTION, ETC. (IMPRINT) | |
| Date of publication, distribution, etc | 2003 |
| 300 ## - PHYSICAL DESCRIPTION | |
| Extent | 23 pages : |
| 300 ## - PHYSICAL DESCRIPTION | |
| Other physical details | color illustrations ; |
| 300 ## - PHYSICAL DESCRIPTION | |
| Dimensions | 26cm. |
| 440 ## - SERIES STATEMENT/ADDED ENTRY--TITLE | |
| Title | Junior science explorer. |
No items available.